00621cam a22001812 4500001001100000005001700011008004100028020001700069040001500086100003500101245010200136250001300238260004100251300002800292650005000320650006600370852000300436000002425820151217155914.0130621s xx 000 0 eng d a9966211033 : aKABUcKABU1 aWambua, Richard M.@000018425414aThe End of a nation :bhistory and culture of the Dorobo of Southern Kiambu /cRichard M. Wambua. a1st ed. aNairobi :bEdtech Strategies,c2012. aix, 85 p. +e1 CD-ROM. 0aDorobo (African people)xHistory.@0000184255 0aDorobo (African people)xSocial life and customs.@00001842561